Plaza de la República (Record no. 6742)

MARC details
000 -CABECERA
campo de control de longitud fija 01085nam a2200229 a 4500
001 - NÚMERO DE CONTROL
campo de control BRCA_7061
005 - FECHA Y HORA DE LA ÚLTIMA TRANSACCIÓN
campo de control 20190320205710.0
008 - DATOS DE LONGITUD FIJA--INFORMACIÓN GENERAL
campo de control de longitud fija 031211s2011----mx-a######---#000-0#spa-#
020 ## - NÚMERO INTERNACIONAL ESTÁNDAR DEL LIBRO
Número Internacional Estándar del Libro 9786079513443
041 ## - CÓDIGO DE LENGUA
Código de lengua del texto/banda sonora o título independiente spa
050 #4 - SIGNATURA TOPOGRÁFICA DE LA BIBLIOTECA DEL CONGRESO
Número de documento/Ítem P53 2011
245 10 - MENCIÓN DE TÍTULO
Título Plaza de la República
Resto del título restauración y rehabilitacíón de la Plaza de la República y Monumento a la Revolución = The Square of the Republic and the Monument to the Revolution : Restoration and Rehabilitation
Mención de responsabilidad, etc. textos Felipe Leal... [et al.] ; fotografía Nicola Lorusso ; edición Martha León.
260 ## - PUBLICACIÓN, DISTRIBUCIÓN, ETC.
Lugar de publicación, distribución, etc. México
Nombre del editor, distribuidor, etc. Autoridad del Espacio Público / Gobierno del Distrito Federal ; Contornos Promotora Cultural
Fecha de publicación, distribución, etc. 2011
300 ## - DESCRIPCIÓN FÍSICA
Extensión 179 p.
Otras características físicas il. (algunas a color)
Dimensiones 28 cm.
546 ## - NOTA DE LENGUA/LENGUAJE
Nota de lengua/lenguaje Texto en: español e inglés
650 14 - PUNTO DE ACCESO ADICIONAL DE MATERIA--TÉRMINO DE MATERIA
Término de materia o nombre geográfico como elemento de entrada Monumentos nacionales
Subdivisión general Restauración
Subdivisión geográfica México
9 (RLIN) 17550
700 1# - PUNTO DE ACCESO ADICIONAL--NOMBRE DE PERSONA
Nombre de persona Leal, Felipe
9 (RLIN) 17551
700 1# - PUNTO DE ACCESO ADICIONAL--NOMBRE DE PERSONA
Nombre de persona Lorusso, Nicola
9 (RLIN) 17552
700 1# - PUNTO DE ACCESO ADICIONAL--NOMBRE DE PERSONA
Nombre de persona León, Martha
9 (RLIN) 17553
740 0# - PUNTO DE ACCESO ADICIONAL--TÍTULO RELACIONADO O ANALÍTICO NO CONTROLADO
Título relacionado o analítico no controlado The Square of the Republic and the Monument to the Revolution : Restoration and Rehabilitation
942 ## - ELEMENTOS DE PUNTO DE ACCESO ADICIONAL (KOHA)
Fuente del sistema de clasificación o colocación Library of Congress Classification
Tipo de ítem Koha Libros
Holdings
Estado de retiro Estado de pérdida Estado dañado No para préstamo Localización permanente Ubicación/localización actual Fecha de adquisición Total de préstamos Signatura topográfica completa Código de barras Fecha visto por última vez Precio válido a partir de Tipo de ítem Koha
El ejemplar forma parte de la colección y puede ser consultado según las políticas vigentes.       Biblioteca del Museo Franz Mayer (Rogerio Casas-Alatriste) Biblioteca del Museo Franz Mayer (Rogerio Casas-Alatriste) 03/12/2011   P53 2011 02693 22/03/2019 22/03/2019 Libros